| 000 | 00942cam a2200253 4500 | ||
|---|---|---|---|
| 008 | 030528n2003 000 0 eng u | ||
| 020 | _a0754618315 | ||
| 035 | _a(Sirsi) u122438 | ||
| 050 |
_a658.404 _c18 |
||
| 050 |
_a658.5752 _c21 |
||
| 100 | _aBoyle, Griff | ||
| 245 | _aDesign project management | ||
| 260 |
_aAldershot _bAshgate _c2003 |
||
| 300 |
_avii, 182p. _c26cm. |
||
| 350 | _a50 | ||
| 520 | _aA guide to the proactive management of design projects from setting business objectives and design parameters through to successful completion and post project review. Subjects covered in the text include balancing and monitoring costs and resources, progress and financial reporting and change control mechanisms. | ||
| 650 | _aCONDITIONS OF ENGAGEMENT | ||
| 650 | _aDESIGN TEAMS | ||
| 650 | _aDESIGN SERVICES | ||
| 650 | _aPROJECT BRIEFING | ||
| 650 | _aTENDERING | ||
| 690 |
_aProject management _96261 |
||
| 942 | _n0 | ||
| 999 |
_c102843 _d102843 |
||